| 000 | 00958nam a2200301Ia 4500 | ||
|---|---|---|---|
| 008 | 130821s1998 enk gr eng | ||
| 020 | _a0262611406 | ||
| 040 |
_aCo-BoUCM _bspa |
||
| 041 | 0 | 0 | _aeng |
| 100 | 1 |
_aKennedy, Peter _9131893 |
|
| 245 | 1 | 0 |
_aA guide to econometrics _cPeter Kennedy. |
| 250 | _a4a. Ed. | ||
| 260 |
_aCambridge (Inglaterra) _bMIT Press _c1998 |
||
| 300 | _axii, 468 páginas | ||
| 504 | _aIncluye índice y bibliografía. | ||
| 650 | 0 | 4 |
_aÁlgebra _98813 |
| 650 | 0 | 4 |
_aAnálisis de series de tiempo _98970 |
| 650 | 0 | 4 |
_aAnálisis matemático _99008 |
| 650 | 0 | 4 |
_aEconometría _913653 |
| 650 | 0 | 4 |
_aEcuaciones _913733 |
| 650 | 0 | 4 |
_aEstadística matemática _914994 |
| 650 | 0 | 4 |
_aMatemáticas _919031 |
| 650 | 0 | 4 |
_aModelos matemáticos _97842 |
| 650 | 0 | 4 |
_aProbabilidades _922309 |
| 650 | 0 | 4 |
_aVariables (Estadística) _926097 |
| 942 |
_cLIBRO _a7 _e4 _mK35g _2DEWEY _h330.015195 |
||
| 999 |
_c31270 _d31270 |
||